[Event "Hamburg St Pauli op-B"]
[Site "Hamburg"]
[Date "2011.07.17"]
[Round "9"]
[White "Kamm, Karsten"]
[Black "Schoppe, Gottfried"]
[Result "1-0"]
[WhiteElo "1491"]
[BlackElo "1720"]
[PlyCount "85"]
[EventDate "2011.07.09"]
[EventType "swiss"]
[EventRounds "9"]
[EventCountry "GER"]
[SourceTitle "CBM 143 Extra"]
[Source "ChessBase"]
[SourceDate "2011.08.29"]
[SourceVersion "1"]
[SourceVersionDate "2011.08.29"]
[SourceQuality "1"]

1. Nf3 Nc6 2. d4 d5 3. e3 e6 4. Bd3 Nf6 5. Nbd2 Bd6 6. a3 0-0 7. b3 Re8 8. Bb2 e5 9. Bb5 Bg4 10. Bxc6 bxc6 11. Qc1 e4 12. Ne5 Bxe5 13. dxe5 Nd7 14. 0-0 Nxe5 15. f3 exf3 16. Rf2 Qg5 17. Bd4 fxg2 18. Rxg2 Qf5 19. Rf2 Qh5 20. Qf1 Bh3 21. Qe1 Qg5+ 22. Kh1 Ng4 23. Rf3 Rxe3 24. Bxe3 Nxe3 25. Rg3 Bg2+ 26. Kg1 Qf4 27. Rxe3 Be4 28. Qg3 Qxg3+ 29. hxg3 Bxc2 30. Rae1 h5 31. Rc3 Bf5 32. Rxc6 g5 33. Rxc7 h4 34. gxh4 gxh4 35. Nf3 h3 36. Ng5 f6 37. Nf3 Be4 38. Nd2 f5 39. Rec1 a5 40. Rc8+ Rxc8 41. Rxc8+ Kg7 42. Nxe4 fxe4 43. Rc5 1-0

[Event "Hamburg St Pauli op-B"]
[Site "Hamburg"]
[Date "2011.07.09"]
[Round "1"]
[White "Kamm, Karsten"]
[Black "Meyer, Thomas"]
[Result "0-1"]
[WhiteElo "1491"]
[BlackElo "1775"]
[PlyCount "70"]
[EventDate "2011.07.09"]
[EventType "swiss"]
[EventRounds "9"]
[EventCountry "GER"]
[SourceTitle "CBM 143 Extra"]
[Source "ChessBase"]
[SourceDate "2011.08.29"]
[SourceVersion "1"]
[SourceVersionDate "2011.08.29"]
[SourceQuality "1"]

1. Nf3 d5 2. d4 f5 3. c4 c6 4. Bf4 e6 5. e3 Bb4+ 6. Nbd2 Nf6 7. Bg5 0-0 8. cxd5 cxd5 9. Ne5 Qa5 10. Bxf6 Rxf6 11. a3 Bd6 12. b4 Qd8 13. Ndf3 Bd7 14. b5 Bxb5 15. Bxb5 Qa5+ 16. Qd2 Qxb5 17. Qd3 Qxd3 18. Nxd3 Nc6 19. Ke2 Rff8 20. Rab1 b6 21. Rhc1 Na5 22. Nb4 h6 23. h4 Rac8 24. a4 Rxc1 25. Rxc1 Bxb4 26. Rc7 Rf7 27. Rc8+ Kh7 28. Ne5 Re7 29. h5 g5 30. Ng6 Rf7 31. Ne5 Rb7 32. Re8 Re7 33. Rc8 Nb7 34. Ng6 Rd7 35. Nf8+ Bxf8 0-1